000 00475nam a2200181Ia 4500
001 10079
005 20260306161805.0
008 260306t2012||||xx |||||||||||||| ||spa||
041 _aESP
082 _aGR 882
_bZ945
100 _aZimmermann, Bernhard
_eAUT
245 0 _aEuropa y la tragedia griega:
_bde la representación ritual al teatro actual
260 _c2012
300 _a187 páginas :
_c22 cm.
650 _aGEN
654 _aCHU
942 _cLIB
_dJUS
_fJUS
_2ddc
_n
999 _c10079
_d10079